000 00646nam a2200193Ia 4500
008 191130s2009##################000#0#eng##
020 _a9788180384585
040 _aACL
_cACL
082 _a340.03 RAM.1
100 _aRamanathan Aiyar, P
245 _aAdvanced law lexicon : the encylopaedic law dictionary with legar maxims, Latin terms and words & phrases
_cP. Ramanathan aiyar
250 _a3rd edition
260 _aNew Delhi
_b[Publisher not identified]
_c2009
300 _a4v. : 22 cm
650 _aLaw - India - Sources
990 _aece8cca5ac10000c124dab8231a7f466
991 _a250268
999 _c240662
_d240662